Loading...
| Science - Chemistry | 0 | 6 | 1 | 2 | 55 | 56 | 97.67 | 0 | 3 | 0.00 | 0.00 |
| Science - Other | 0 | 5 | 0 | 3 | 50 | 92 | 120.60 | 1 | 3 | 0.00 | 0.00 |
| Science - Biology | 0 | 5 | 3 | 0 | 35 | 70 | 81.60 | 2 | 4 | 0.00 | 0.00 |
| Social Science | 0 | 3 | 1 | 1 | 25 | 76 | 102.00 | 0 | 1 | 0.00 | 0.00 |
| Religion | 0 | 1 | 0 | 0 | 10 | 113 | 113.00 | 0 | 1 | 0.00 | 0.00 |
| History - American | 0 | 1 | 0 | 1 | 10 | 122 | 122.00 | 0 | 0 | 0.00 | 0.00 |
| Literature - European | 0 | 0 | 0 | 0 | 0 | 0.00 | 0 | 0 | 0.00 | 0.00 | |
| History - Other | 0 | 0 | 0 | 0 | 0 | 0.00 | 0 | 0 | 0.00 | 0.00 | |
| Science - Physics | 0 | 1 | 2 | 0 | 0 | 111 | 111.00 | 0 | 1 | 0.00 | 0.00 |